| 000 | 00851nam a22002537a 4500 | ||
|---|---|---|---|
| 999 |
_c7529 _d7529 |
||
| 003 | AR-CdUCM | ||
| 008 | 190320b ||||| |||| 00| 0 spa d | ||
| 020 | _a967-603-45230-0-5 | ||
| 040 |
_aMUNICIPALIDAD PROVINCIAL DEL CUSCO _cBIBLIOTECA MUNICIPAL DEL CUSCO |
||
| 082 |
_a635.21 / _bG62 |
||
| 100 |
_aGomez, Rene _921250 |
||
| 245 |
_aPapas Nativas del PerĂº : _bCatalogo de variedades y usos Gastronomicos / |
||
| 260 |
_aLima : _bMinisterio de Agricultura, _c2008. |
||
| 300 |
_a115 paginas ; _bIlustraciones, graficos, fotos, _c24 cm. |
||
| 500 | _aPapa | ||
| 505 | _aContenido: Maravilla de los andes -- papas nativas del perĂº -- gastronomia | ||
| 650 |
_aPapa _921251 |
||
| 650 |
_aNativa _921252 |
||
| 650 |
_aTuberculos _921253 |
||
| 650 |
_aAlimento _921254 |
||
| 700 |
_aRoca, William _921255 |
||
| 942 |
_2ddc _cLIBROS |
||
| 945 | _apjha | ||